Psychology in use

Gespeichert in:
Bibliographische Detailangaben
1. Verfasser: Gray, J. Stanley
Format: Buch
Sprache:Undetermined
Veröffentlicht: New York American Book Company 1941
Schlagworte:
Tags: Tag hinzufügen
Keine Tags, Fügen Sie den ersten Tag hinzu!
Thư viện lưu trữ: Trung tâm Học liệu Trường Đại học Cần Thơ
LEADER 00475nam a2200181Ia 4500
001 CTU_90059
008 210402s9999 xx 000 0 und d
082 |a 150 
082 |b G778 
100 |a Gray, J. Stanley 
245 0 |a Psychology in use 
245 0 |c J. Stanley Gray 
260 |a New York 
260 |b American Book Company 
260 |c 1941 
650 |a Psychology, applied 
904 |i Mai Loan,Hải 
980 |a Trung tâm Học liệu Trường Đại học Cần Thơ